Humic matter in soil and the environment : (Record no. 10451)

MARC details
000 -LEADER
fixed length control field 00745nam a22002292 4500
001 - CONTROL NUMBER
control field 0000025120
005 - DATE AND TIME OF LATEST TRANSACTION
control field 20151217152308.0
008 - FIXED-LENGTH DATA ELEMENTS--GENERAL INFORMATION
fixed length control field 141204s xx 000 0 eng d
020 ## - INTERNATIONAL STANDARD BOOK NUMBER
International Standard Book Number 1482234459 :
040 ## - CATALOGING SOURCE
Original cataloging agency KABU
Transcribing agency KABU
100 1# - MAIN ENTRY--PERSONAL NAME
Personal name Tan, Kim H.
-- 0000185515
245 10 - TITLE STATEMENT
Title Humic matter in soil and the environment :
Remainder of title principles and controversies /
Statement of responsibility, etc. by Kim H. Tan.
250 ## - EDITION STATEMENT
Edition statement 2nd ed.
260 ## - PUBLICATION, DISTRIBUTION, ETC. (IMPRINT)
Place of publication, distribution, etc. Boca Raton :
Name of publisher, distributor, etc. CRC Press,
Date of publication, distribution, etc. 2014.
300 ## - PHYSICAL DESCRIPTION
Extent xxxi, 463 p.
650 #0 - SUBJECT ADDED ENTRY--TOPICAL TERM
Topical term or geographic name as entry element Humus
General subdivision Environmental aspects.
-- 0000185516
650 #0 - SUBJECT ADDED ENTRY--TOPICAL TERM
Topical term or geographic name as entry element Humus
General subdivision Biodegradation.
-- 0000185517
650 #0 - SUBJECT ADDED ENTRY--TOPICAL TERM
Topical term or geographic name as entry element Soils
General subdivision Humic acid content.
-- 0000185518
852 1# - LOCATION
-- p16,740 KES
908 ## - PUT COMMAND PARAMETER (RLIN)
Put command parameter 141204
950 ## - LOCAL HOLDINGS (RLIN)
-- 1
Holdings
Withdrawn status Lost status Source of classification or shelving scheme Not for loan Home library Current library Date acquired Total Checkouts Full call number Barcode Date last seen Price effective from Koha item type
    Library of Congress Classification   Kabarak, Main Campus Kabarak, Main Campus 17/12/2015   S592.8 .T36 2014 c. 1 017477 17/12/2015 17/12/2015 General Collection
Designed with assistance from East African Informatics Ltd